Loading...
| Current Events | 1 | 10.00 | 100% | 0% | 0% |
| Fine Arts - Auditory Fine Arts | 2 | 10.00 | 100% | 0% | 0% |
| Fine Arts - Other Fine Arts | 3 | 10.00 | 100% | 0% | 0% |
| Fine Arts - Visual Fine Arts | 3 | 10.00 | 100% | 0% | 0% |
| Geography | 1 | 10.00 | 100% | 0% | 0% |
| History - American History | 3 | 10.00 | 67% | 33% | 0% |
| History - European History | 1 | 10.00 | 100% | 0% | 0% |
| History - Other History | 1 | 10.00 | 100% | 0% | 0% |
| History - World History | 2 | 5.00 | 50% | 0% | 0% |
| Literature - American Literature | 1 | 0.00 | 0% | 0% | 0% |
| Literature - British Literature | 4 | 12.50 | 75% | 50% | 0% |
| Literature - European Literature | 2 | 0.00 | 0% | 0% | 0% |
| Literature - World Literature | 1 | 0.00 | 0% | 0% | 0% |
| Mythology | 2 | 10.00 | 100% | 0% | 0% |
| Philosophy | 1 | 10.00 | 0% | 100% | 0% |
| Religion | 3 | 10.00 | 33% | 67% | 0% |
| Science - Biology | 1 | 20.00 | 100% | 100% | 0% |
| Science - Chemistry | 2 | 15.00 | 100% | 50% | 0% |
| Science - Other Science | 2 | 20.00 | 100% | 100% | 0% |
| Social Science | 3 | 10.00 | 100% | 0% | 0% |